[Event "FRA-ch U16"]
[Site "Agen"]
[Date "2021.10.30"]
[Round "8"]
[White "Jacob, Eva1111"]
[Black "Tokplo, Victoria"]
[Result "1-0"]
[WhiteElo "1608"]
[BlackElo "1670"]
[PlyCount "115"]
[EventDate "2021.10.22"]
[EventType "swiss"]
[EventRounds "9"]
[EventCountry "FRA"]
[SourceTitle "EXT 2023"]
[Source "ChessBase"]
[SourceDate "2022.10.05"]
[SourceVersion "1"]
[SourceVersionDate "2022.10.05"]
[SourceQuality "1"]

1. e4 c5 2. d4 cxd4 3. c3 dxc3 4. Nxc3 Nc6 5. Nf3 e6 6. Bc4 Qc7 7. 0-0 Nf6 8. h3 a6 9. Bb3 Be7 10. Qe2 d6 11. Be3 0-0 12. Rac1 Qb8 13. Na4 Nd7 14. a3 Na5 15. Ba2 b5 16. Nc3 Bb7 17. Nd4 Ne5 18. b3 Rc8 19. f4 Nec6 20. Nf3 Nd8 21. Bb6 Nac6 22. Qf2 Bf6 23. Nd1 Ne7 24. Rxc8 Nxc8 25. Bxd8 Bxd8 26. Qc2 Ne7 27. b4 a5 28. f5 exf5 29. Ng5 d5 30. exd5 Nxd5 31. Nxf7 Kxf7 32. Qxf5+ Bf6 33. Ne3 Qa7 34. Bxd5+ Bxd5 35. Qxd5+ Kf8 36. Kh1 Re8 37. Ng4 Qa6 38. Ne5 Qe6 39. Nd7+ Kg8 40. Nxf6+ gxf6 41. Qxb5 axb4 42. axb4 Kh8 43. Rxf6 Qxf6 44. Qxe8+ Kg7 45. Qd7+ Kh6 46. Qd3 Qa1+ 47. Kh2 Qe5+ 48. Qg3 Qb5 49. Qd6+ Kg7 50. Qc7+ Kg8 51. Qc5 Qf1 52. Qg5+ Kh8 53. b5 Qd3 54. Qe5+ Kg8 55. b6 Qb1 56. Qd5+ Kf8 57. b7 Qb4 58. Qd8+ 1-0

[Event "Robinson Cup U14"]
[Site "Dundalk"]
[Date "2019.07.24"]
[Round "5.17"]
[White "Boghossian, Wahe"]
[Black "Tokplo, Victoria"]
[Result "0-1"]
[WhiteElo "1732"]
[BlackElo "1593"]
[PlyCount "71"]
[EventDate "2019.07.22"]
[EventType "team-tourn"]
[EventRounds "5"]
[EventCountry "IRL"]
[SourceTitle "EXT 2022"]
[Source "ChessBase"]
[SourceDate "2021.10.06"]
[SourceVersion "1"]
[SourceVersionDate "2021.10.06"]
[SourceQuality "1"]
[WhiteTeam "Netherlands (U14)"]
[BlackTeam "France (U14)"]
[WhiteTeamCountry "NED"]
[BlackTeamCountry "FRA"]

1. e4 c5 2. Nf3 d6 3. d4 cxd4 4. Nxd4 Nf6 5. Nc3 g6 6. Be2 Bg7 7. Be3 0-0 8. 0-0 Nc6 9. f3 Bd7 10. Qd2 a6 11. Nd1 b5 12. c4 Nxd4 13. Bxd4 Qb8 14. c5 Bc6 15. cxd6 exd6 16. Qc3 Rc8 17. Qe3 Qb7 18. Nf2 Re8 19. Rac1 Rac8 20. Rfd1 Re6 21. Qb3 Nd7 22. Be3 Nb6 23. Qb4 Rd8 24. Qa5 Rb8 25. Qxb6 Qxb6 26. Bxb6 Rxb6 27. Rc2 Bb7 28. Nh3 Bh6 29. Rd3 Re8 30. Kf2 Rc8 31. Rxc8+ Bxc8 32. g4 Rc6 33. Bd1 Be6 34. a3 Bc1 35. b4 Bc4 36. Rc3 0-1

[Event "Agneaux St Lo U16 op 20th"]
[Site "Agneaux"]
[Date "2018.07.07"]
[Round "3.3"]
[White "Pionnier, Camille"]
[Black "Tokplo, Victoria"]
[Result "1-0"]
[WhiteElo "1798"]
[BlackElo "1290"]
[PlyCount "107"]
[EventDate "2018.07.07"]
[EventType "swiss"]
[EventRounds "9"]
[EventCountry "FRA"]
[SourceTitle "EXT 2019"]
[Source "ChessBase"]
[SourceDate "2018.10.10"]
[SourceVersion "1"]
[SourceVersionDate "2018.10.10"]
[SourceQuality "1"]

1. d4 Nf6 2. c4 e6 3. Nf3 b6 4. g3 Ba6 5. Qc2 c6 6. Bg2 Be7 7. 0-0 0-0 8. Nbd2 d5 9. b3 Nbd7 10. e4 dxe4 11. Nxe4 Rc8 12. Bb2 c5 13. Rfd1 Nxe4 14. Qxe4 Nf6 15. Qe2 Qc7 16. Ne5 cxd4 17. Rxd4 Bc5 18. Rd2 Bb7 19. Rad1 Bxg2 20. Kxg2 Rfd8 21. Ng4 Nxg4 22. Qxg4 Bf8 23. Qg5 Rxd2 24. Qxd2 h6 25. Qd7 Qxd7 26. Rxd7 a5 27. Bd4 Bc5 28. Bxc5 Rxc5 29. Rb7 Rc6 30. Kf3 f5 31. Kf4 Rd6 32. Ke5 Rd2 33. f4 Re2+ 34. Kd6 g5 35. Rxb6 Kf7 36. Rb7+ Kf6 37. c5 Rd2+ 38. Kc7 gxf4 39. gxf4 Rxh2 40. c6 Ke7 41. Kb8+ Kd6 42. c7 Rc2 43. c8Q Rxc8+ 44. Kxc8 e5 45. fxe5+ Kxe5 46. Rh7 f4 47. Rxh6 f3 48. Rh1 Kf4 49. Kb7 f2 50. Ka6 Kg3 51. Kxa5 Kg2 52. Rc1 f1Q 53. Rxf1 Kxf1 54. b4 1-0

[Event "FRA-ch U12 Girls"]
[Site "Belfort"]
[Date "2017.04.16"]
[Round "1.2"]
[White "Tokplo, Victoria"]
[Black "Nguyen, Thao Nhi"]
[Result "0-1"]
[WhiteElo "1167"]
[BlackElo "1691"]
[PlyCount "102"]
[EventDate "2017.04.16"]
[EventType "swiss"]
[EventRounds "9"]
[EventCountry "FRA"]
[SourceTitle "EXT 2019"]
[Source "ChessBase"]
[SourceDate "2018.10.10"]
[SourceVersion "1"]
[SourceVersionDate "2018.10.10"]
[SourceQuality "1"]

1. e4 b6 2. d4 Bb7 3. Nc3 e6 4. Nf3 Bb4 5. Bd3 Nf6 6. Qe2 d5 7. e5 Ne4 8. Bd2 Bxc3 9. bxc3 Nxd2 10. Qxd2 Nd7 11. 0-0 0-0 12. Rad1 c5 13. Rfe1 Rc8 14. Qf4 h6 15. c4 cxd4 16. Qxd4 dxc4 17. Bxc4 Bxf3 18. gxf3 Qg5+ 19. Kh1 Nc5 20. Qg4 Qxg4 21. fxg4 Rfd8 22. Kg2 Kf8 23. f4 Ke7 24. Kf3 Na4 25. Bb3 Nc3 26. Rxd8 Rxd8 27. Re3 Rc8 28. Rd3 b5 29. Rd4 a5 30. a4 Rc5 31. axb5 Nxb5 32. Rc4 Rd5 33. Rc8 Nd4+ 34. Ke3 Nxb3 35. cxb3 g6 36. Rc7+ Kf8 37. Rc8+ Kg7 38. Ra8 Rb5 39. Kd4 Rxb3 40. Rxa5 Rh3 41. Ra2 Rh4 42. Rg2 Rh3 43. f5 exf5 44. gxf5 g5 45. e6 Kf6 46. exf7 Kxf7 47. Ke4 Kf6 48. Rf2 Rb3 49. Kd5 h5 50. Ke4 Rb4+ 51. Ke3 Rh4 0-1